| Tag |
First Indicator |
Second Indicator |
Subfields |
| LEADER |
00000cam a22000004a 4500 |
| 001 |
in00003402011 |
| 005 |
20190405202410.0 |
| 006 |
m d |
| 007 |
cr |||||||nn|n |
| 008 |
120213s2012 nyu o d eng d |
| 010 |
|
|
|z 2012002986
|
| 020 |
|
|
|a 9780823246236
|
| 020 |
|
|
|z 9780823243242 (cloth : alk. paper)
|
| 020 |
|
|
|z 0823243249
|
| 035 |
|
|
|a (MdBmJHUP)muse9780823246236
|
| 040 |
|
|
|a MdBmJHUP
|c MdBmJHUP
|d UtOrBLW
|
| 043 |
|
|
|a e-uk---
|
| 050 |
0 |
0 |
|a PR317.S6
|b M43 2012
|
| 082 |
0 |
0 |
|a 821/.109353
|2 23
|
| 245 |
0 |
0 |
|a Medieval poetics and social practice :
|b responding to the work of Penn R. Szittya /
|c edited by Seeta Chaganti.
|
| 250 |
|
|
|a 1st ed.
|
| 264 |
|
1 |
|a New York :
|b Fordham University Press,
|c 2012.
|
| 300 |
|
|
|a 1 online resource (288 pages)
|
| 336 |
|
|
|a text
|b txt
|2 rdacontent
|
| 337 |
|
|
|a computer
|b c
|2 rdamedia
|
| 338 |
|
|
|a online resource
|b cr
|2 rdacarrier
|
| 490 |
1 |
|
|a Fordham series in medieval studies
|
| 504 |
|
|
|a Includes bibliographical references and index.
|
| 588 |
|
|
|a Description based on print version record.
|
| 500 |
|
|
|a Electronic resource.
|
| 650 |
|
0 |
|a English poetry
|y Middle English, 1100-1500
|x History and criticism.
|
| 651 |
|
0 |
|a Great Britain
|x Social life and customs
|y 1066-1485.
|
| 655 |
|
7 |
|a Electronic books.
|2 local
|
| 700 |
1 |
|
|a Szittya, Penn R.,
|d 1945-
|
| 700 |
1 |
|
|a Chaganti, Seeta.
|
| 856 |
4 |
0 |
|u http://proxy.library.tamu.edu/login?url=http://muse.jhu.edu/books/9780823246236/
|z Connect to the full text of this electronic book
|t 0
|
| 830 |
|
0 |
|a Fordham series in medieval studies.
|
| 999 |
|
|
|a MARS
|
| 999 |
f |
f |
|s e9e5e344-bdca-353a-a716-c32681d98283
|i 0733e061-c3c6-374a-8bc2-3fe6832556de
|t 0
|
| 952 |
f |
f |
|a Texas A&M University
|b College Station
|c Electronic Resources
|d Available Online
|t 0
|e PR317.S6 M43 2012
|h Library of Congress classification
|
| 998 |
f |
f |
|a PR317.S6 M43 2012
|t 0
|l Available Online
|